3-Letter Words With a 'V' Quiz Stats

 Plays Quiz Updated Apr 9, 2015

Also try: _ _ Y Words
Challenge
Share
Tweet
Embed
Score 0/40 Timer 05:00
1 Play Today
% Correct
van
88.4%
vat
84%
vet
78.9%
vie
75.8%
ave
75.6%
vin
75.3%
eve
71.6%
vim
71.4%
vas
70.7%
var
69.6%
via
66%
vid
64.5%
vow
64.4%
veg
63.1%
vis
62.8%
vaw
62.6%
vig
62.5%
vee
62.5%
vex
61.9%
vac
60.6%
% Correct
ava
57.9%
vav
56.5%
vau
55.5%
vox
55.4%
voe
53.1%
vog
52.4%
ova
51.8%
ivy
45.1%
vug
38.8%
vum
38.6%
avo
38.5%
rev
36%
lav
31%
luv
27.3%
lev
26.9%
nav
24%
tav
23.7%
dev
23.5%
sev
21.7%
guv
14.1%

You're not logged in!

Compare scores with friends on all Sporcle quizzes.
OR
Log In

You Might Also Like...

Show Comments

Extras

Top Quizzes Today


Score Distribution

Your Account Isn't Verified!

In order to create a playlist on Sporcle, you need to verify the email address you used during registration. Go to your Sporcle Settings to finish the process.

Report this User

Report this user for behavior that violates our Community Guidelines.

Details: